Les 50 plus grandes communes des Côtes d'Armor, par habitants - Statistiques

Statistiques générales
  • Ce quiz a été pris 188 fois
  • Le résultat moyen est 21 sur 50
Statistiques - réponses
Place Commune Nombre d'habitants (en 2014) % Correct
1 Saint-Brieuc 45207
98%
12 Guingamp 7003
93%
2 Lannion 19869
91%
6 Dinan 10919
87%
4 Lamballe 13304
83%
11 Paimpol 7199
77%
3 Plérin 14141
74%
7 Loudéac 9641
73%
10 Perros-Guirec 7280
66%
9 Langueux 7492
65%
27 Erquy 3891
64%
14 Binic-Étables-sur-Mer 6832
63%
5 Ploufragan 11376
63%
8 Trégueux 8291
59%
44 Saint-Quay-Portrieux 2937
58%
18 Yffiniac 4973
58%
25 Pléneuf-Val-André 3999
55%
13 Pordic 6899
54%
48 Quintin 2803
53%
20 Plouha 4464
46%
36 Saint-Cast-le-Guildo 3432
43%
45 Broons 2929
42%
22 Hillion 4094
42%
40 Rostrenen 3124
41%
19 Bégard 4769
38%
46 Merdrignac 2915
38%
15 Plédran 6480
37%
42 Plancoët 3049
36%
21 Plaintel 4265
35%
32 Plestin-les-Grèves 3619
34%
38 Plélo 3355
30%
29 Quévert 3731
29%
31 Trébeurden 3639
27%
24 Pleumeur-Bodou 4004
25%
28 Quessoy 3857
24%
26 Lanvallay 3986
23%
49 Plouagat 2790
23%
17 Ploumagoar 5331
23%
23 Plœuc-L'Hermitage 4057
22%
16 Le Mené 6398
21%
50 Pabu 2776
19%
43 Ploubazlanec 3029
19%
33 Ploubezre 3586
15%
35 Plouër-sur-Rance 3447
14%
37 Beaussais-sur-Mer 3417
13%
41 Louannec 3075
13%
39 Plouézec 3251
13%
34 Pleslin-Trigavou 3471
10%
47 Pleudihen-sur-Rance 2821
9%
30 Les Moulins 3649
0%
Aucun quiz correspondant
Distribution des résultats
% des personnes avec chaque résultat
Percentile par nombre de réponses
Votre historique - résultats
Vous n’avez pas pris ce quiz